000 00888nam a22002777a 4500
003 dpl
005 20180604152624.0
008 180604b xxu||||| |||| 00| 0 eng d
010 _aB-127261
020 _c350.00
_a8120329562
035 _aB-127261, B-127280
037 _bCen Lib/Ret
040 _aDPL
_bEN
_c0
082 _a519.3
_bGUP
100 _aGupta, M.P.
_998801
245 _aQuantitative techniques for decision making /
_cby M.P.Gupta [and] R.B.Khanna
250 _a2nd ed
260 _aNew Delhi
_bPrentice Hall of India
_c2006
270 _aM-97, Connaught Circus
_bNew Delhi
_e110001
300 _axii, 591p. :
_c24cm(pbk)
_bill.
500 _aIncludes index
650 _aDecision making -- Mathematical models
_998802
650 _aManagement -- Statistical methods
_932625
700 _aKhanna, R.B.
_934495
942 _2ddc
_cEN
_h519.3
_mGUP
999 _c132368
_d132368